000 00625cam a2200145 4500500
005 20251228093539.0
041 _afre
042 _adc
100 1 0 _aAucouturier, Michel
_eauthor
245 0 0 _aRick McPEAK, Donna TUSSING ORWIN, eds., Tolstoy on War. Narrative Art and Historical Truth in « War and Peace », Ithaca – London : Cornell University Press, 2012, 235 p.
260 _c2013.
500 _a91
786 0 _nCahiers du monde russe | Vol 53 | 4 | 2013-12-01 | p. 593zp-754zp | 1252-6576
856 4 1 _uhttps://shs.cairn.info/revue-cahiers-du-monde-russe-2012-4-page-593zp?lang=fr&redirect-ssocas=7080
999 _c1604715
_d1604715